| 000 | 01093nam a2200265 i 4500 | ||
|---|---|---|---|
| 001 | 181396 | ||
| 003 | ES-MaACL | ||
| 005 | 20250730172208.0 | ||
| 008 | 121227s1862 sp |||| | spa d | ||
| 080 | _a821.134.2 | ||
| 080 | _a398.5 | ||
| 245 | 0 | 0 | _aDiscursos leídos ante la Real Academia Española en la recepción pública del señor Don Juan Valera, el día 16 de marzo de 1862. |
| 260 |
_a[Madrid : _bs.n.], _c1862 ( _fImp. de Manuel Galiano) |
||
| 300 |
_a58 p. ; _c26 cm. |
||
| 530 | _aDisponible en formato digital. | ||
| 594 | _aRecoge el discurso de recepción de Juan Valera, y el de contestación de Antonio Alcalá Galiano. | ||
| 650 | 7 |
_aLengua española _2embne _914115 |
|
| 650 | 7 |
_aPoesías populares. _916241 |
|
| 700 | 1 |
_aValera, Juan, _d1824-1905 _9112638 |
|
| 700 | 1 |
_aAlcalá Galiano, Antonio, _d1789-1865 _919459 |
|
| 710 | 2 |
_aReal Academia Española _96336 |
|
| 852 |
_aES-MaACL _jT-63-F-4 _z- Dedicatoria autógrafa de Juan Valera |
||
| 856 | 4 | 1 |
_uhttp://bdh-rd.bne.es/viewer.vm?id=0000108438&page=1 _zBiblioteca Digital Hispánica |
| 999 |
_c181396 _d181396 |
||